| Поле | Название | Значение |
| |
Тип записи |
a |
| |
Библиографический уровень |
m |
| 001 |
Контрольный номер |
RU\infra-m\znanium\bibl\2237151 |
| 005 |
Дата корректировки |
20260429142107.8 |
| 008 |
Кодируемые данные |
260409s2025 RU g rus u |
| 020 |
Индекс ISBN |
__ |
| a |
ISBN |
978-5-00139-576-8 |
| 040 |
Источник каталогиз. |
__ |
| a |
Служба первич. каталог. |
Общество с ограниченной ответственностью «ЗНАНИУМ» |
| 041 |
Код языка издания |
__ |
| a |
Код языка текста |
rus |
| 044 |
Код страны публикации |
__ |
| a |
Код страны публикации |
RU |
| 080 |
Индекс УДК |
__ |
| a |
Индекс УДК |
51 |
| 084 |
Индекс другой классификации/Индекс ББК |
__ |
| 2 |
Источник индекса |
rubbk |
| a |
Индекс другой классификации/Индекс ББК |
221 |
| 100 |
Автор |
__ |
| a |
Автор |
Стюарт И. |
| q |
Полное имя |
Стюарт Иен |
| 245 |
Заглавие |
__ |
| a |
Заглавие |
Это база: Зачем нужна математика в повседневной жизни |
| b |
Продолж. заглавия |
Научно-популярная литература |
| 250 |
Сведения об издании |
__ |
| a |
Основные сведения об издании |
1 |
| 260 |
Выходные данные |
__ |
| a |
Место издания |
Москва |
| b |
Издательство |
ООО "Альпина нон-фикшн" |
| c |
Дата издания |
2026 |
| 300 |
Физическое описание |
__ |
| a |
Объем |
392 с. |
| 520 |
Аннотация |
__ |
| a |
Аннотация |
Широкое распространение компьютеров может создать впечатление что математика уже и не нужна что сегодняшние технологии позволяют производить самые сложные вычислительные операции за доли секунды. Это наивное представление побудило известного популяризатора науки Иэна Стюарта показать читателям не самые очевидные заслуги любимой дисциплины ведь ее роль отнюдь не сводится к расчетам и благодаря компьютерам освобождающим нас от монотонной работы мы просто начинаем заниматься математикой иначе. Именно математика стоит за всеми преобразующими технологиями которые делают XXI век совершенно непохожим на предшествующую эпоху. Без математики немыслимы и цифровая фотография и современная связь и спутниковая навигация без нее не обойтись при прогнозировании последствий климатических изменений. Этот ряд можно продолжать и продолжать не забыв упомянуть гуманитарные области и искусство политику и интернет-безопасность. Словом считает автор потребность в этой науке универсальна она — основа основ. |
| 521 |
Примеч. о цел. назн. |
__ |
| a |
Примеч. о целев. назн. |
Дополнительное образование |
| 650 |
Тематические рубрики |
__ |
| a |
Основная рубрика |
Физико-математические науки |
| 655 |
Указ. предметных рубрик (устаревшее) |
__ |
| a |
Жанр/ форма (устаревшее) |
Научно-популярная литература |
| 856 |
Электронный адрес документа |
4_ |
| a |
Имя сервера/домена |
znanium.ru |
| m |
Помощь |
ebs_support@infra-m.ru |
| n |
Местонахождение сервера |
НИЦ ИНФРА-М |
| u |
URL |
https://znanium.ru/catalog/document?id=474857 |
| 856 |
Электронный адрес документа |
48 |
| a |
Имя сервера/домена |
znanium.ru |
| d |
Путь |
/cover/2237 |
| f |
Электронное имя |
2237151.jpg |
| q |
Тип электронного формата |
image/jpeg |
| u |
URL |
https://znanium.ru/cover/2237/2237151.jpg |
| 911 |
|
__ |
| u |
|
0030=https://znanium.ru/catalog/document?id=474857 |